Statistics for Countries Game of Thrones was filmed in

Click here to take the quiz!

General Stats

  • This quiz has been taken 58 times
  • The average score is 6 of 9

Answer Stats

Continent Country % Correct
North AmericaUnited States of America
96%
EuropeUnited Kingdom
90%
North AmericaCanada
88%
EuropeIceland
85%
EuropeSpain
85%
EuropeCroatia
81%
AfricaMorocco
71%
EuropeMalta
29%
EuropeBulgaria
8%

Score Distribution

Percentile by Number Answered

Percent of People with Each Score

Your Score History

You have not taken this quiz